|
|
|
|
| LEADER |
00000nab a2200000 a 4500 |
| 001 |
vtls000889341 |
| 003 |
SK-MaSNL |
| 005 |
20260426071847.0 |
| 008 |
041115c20041008xo dr|n|||||||000 b|slo |
| 015 |
|
|
|a SNBR2004/11
|2 SNKBUCL
|
| 040 |
|
|
|a SNKBUCL
|b slo
|c SK
|e AACR2
|
| 041 |
0 |
|
|a slo
|
| 044 |
|
|
|a xo
|c SK
|
| 080 |
|
|
|a 323
|x (4)
|2 UDC-MRF-SK2
|
| 080 |
|
|
|a 342.15
|2 UDC-MRF-SK2
|
| 100 |
1 |
|
|a Kusý, Miroslav,
|d 1931-2019
|4 aut
|9 181328
|
| 245 |
1 |
0 |
|a Eurofóbia oslavuje hranice
|c Miroslav Kusý
|
| 300 |
|
|
|b Obr.
|
| 650 |
0 |
7 |
|a európska politická scéna
|2 snkbucl
|9 1327635
|
| 650 |
0 |
7 |
|a národný záujem
|2 snkbucl
|9 90903
|
| 651 |
|
7 |
|a Slovensko
|2 snkbucl
|9 14231
|
| 773 |
0 |
|
|t Sme
|g Roč. 12, č. 233 (8.10.2004), s. 14
|x 1335-440X
|
| 852 |
|
|
|a SNK
|b KIS3GCP
|
| 999 |
|
|
|c 2682811
|d 2684741
|